| 000 | 01702nam a22001697a 4500 | ||
|---|---|---|---|
| 999 |
_c513625 _d513625 |
||
| 008 | 200313b ||||| |||| 00| 0 eng d | ||
| 100 |
_aBunea, Adriana _916814 |
||
| 245 | _aRegulating lobbying through voluntary transparency clubs: The connoisseurs’ assessment. Evidence from the European Union | ||
| 260 | _bPublic Administration | ||
| 300 | _a97(4), 2019: p.797-813. | ||
| 520 | _aRegulating private actors’ participation in policy‐making is key to democratic governance. Across political systems, targeted transparency is used to regulate lobbying activities. We examine the extent to which primary regulatory targets (organizations with frequent access to policy‐makers) support the architecture of lobbying regulation regimes set up as voluntary transparency clubs. Our empirical testing ground is the European Union. We conceptualize the EU Transparency Register as a Voluntary Transparency Club, elaborate on its club goods, and derive a set of theoretical expectations about its members’ evaluations of the club's transparency standards, membership size, and monitoring and enforcement mechanisms. We find significant differences between members’ and non‐members’ assessment regarding the regulatory performance of this transparency club. Members with frequent access to executive policy‐makers criticize the club's transparency standards and do not consider the Register a useful regulatory instrument. Yet, they support expanding its regulatory remit and increasing the club membership. - Reproduced. | ||
| 650 |
_aTransparency _916815 |
||
| 700 |
_aGross, Vlad _916816 |
||
| 773 | _aPublic Administration | ||
| 906 | _aLobbying - European Union | ||
| 942 |
_2ddc _cAR |
||